header

Frindle (Record no. 261539)

MARC details
000 -LEADER
fixed length control field 00263nam a22001217a 4500
020 ## - INTERNATIONAL STANDARD BOOK NUMBER
ISBN 9780689818769
100 ## - MAIN ENTRY--AUTHOR NAME
Personal name Andrew Clements
245 ## - TITLE STATEMENT
Title Frindle
260 ## - PUBLICATION, DISTRIBUTION, ETC. (IMPRINT)
Place of publication New York
Name of publisher Simon and Schuster
Year of publication 1996
300 ## - PHYSICAL DESCRIPTION
Number of Pages 109 pgs
490 ## - SERIES STATEMENT
Series statement Clements
942 ## - ADDED ENTRY ELEMENTS (KOHA)
Koha item type Long Loan Books
Holdings
Withdrawn status Lost status Collection code Home library Current library Shelving location Date acquired Accession Number Koha item type
    Fiction Rongo University Library Rongo University Library Children's Area 15/11/2023 CL20222130 Long Loan Books
    Fiction Rongo University Library Rongo University Library Children's Area 17/02/2025 CL20243788 Long Loan Books

© 2026 Rongo University
Contact us: librarian | system librarian | Rongo university